00414 a2200133 4500001000700000040002200007041001600029082002300045111008800068245002900156260003600185362001300221711004600234142960 cLeonardo Da Vinci aPortuguês a005.8 S621sbS621s aSimpósio Brasileiro em Segurança da Informação e de Sistemas Computacionais aMinicursos do SBSeg 2007 bUFRJ; NCEc2005aRio de Janeiro a20050000 d(7. : 27-31 ago. 2007 Rio de Janeiro, RJ)